000 00315nam a2200121Ia 4500
008 241028s9999 xx 000 0 und d
041 _aeng
082 _a658.403 TUR
100 _aTurban, Wali
245 _aInformation Technology For Management
260 _bWiley India
_aNew Delhi
_c2022
300 _a606;. p 28 cm.
999 _c43080
_d43080